[Event "BL2-West 2223"]
[Site "Germany"]
[Date "2022.10.22"]
[Round "1.7"]
[White "Von Buenau, Heinrich"]
[Black "Begnis, Nikolaos"]
[Result "1/2-1/2"]
[WhiteElo "2200"]
[BlackElo "2262"]
[PlyCount "69"]
[EventDate "2022.10.22"]
[EventType "team-tourn"]
[EventRounds "10"]
[EventCountry "GER"]
[SourceTitle "EXT 2024"]
[Source "ChessBase"]
[SourceDate "2023.10.10"]
[SourceVersion "1"]
[SourceVersionDate "2023.10.10"]
[SourceQuality "1"]
[WhiteTeam "Duesseldorf"]
[BlackTeam "Aachen SV"]
[WhiteTeamCountry "GER"]
[BlackTeamCountry "GER"]

1. d4 Nf6 2. Nf3 g6 3. g3 Bg7 4. Bg2 0-0 5. 0-0 d6 6. c4 c5 7. Nc3 Nc6 8. h3 cxd4 9. Nxd4 Bd7 10. Be3 Qc8 11. Nxc6 bxc6 12. Kh2 Qa6 13. Rc1 Qa5 14. Bd2 Qh5 15. e4 Ng4+ 16. Kg1 Ne5 17. Qxh5 gxh5 18. b3 h4 19. g4 a5 20. Na4 Rfb8 21. Rcd1 Ng6 22. Be3 c5 23. Nxc5 dxc5 24. Rxd7 a4 25. Rfd1 axb3 26. axb3 Bd4 27. Bxd4 cxd4 28. R7xd4 Rxb3 29. R4d3 Rxd3 30. Rxd3 Ra1+ 31. Kh2 Rc1 32. Rd8+ Kg7 33. Rc8 Rc2 34. Kg1 Rc1+ 35. Kh2 1/2-1/2

[Event "NRW Class2 1819"]
[Site "Germany"]
[Date "2019.01.13"]
[Round "5.5"]
[White "Klauke, Stefan"]
[Black "Von Buenau, Heinrich"]
[Result "1/2-1/2"]
[WhiteElo "2119"]
[BlackElo "2145"]
[PlyCount "113"]
[EventDate "2018.09.16"]
[EventType "team-tourn"]
[EventRounds "9"]
[EventCountry "GER"]
[SourceTitle "EXT 2022"]
[Source "ChessBase"]
[SourceDate "2021.10.06"]
[SourceVersion "1"]
[SourceVersionDate "2021.10.06"]
[SourceQuality "1"]
[WhiteTeam "Iserlohn Koenigsspringer"]
[BlackTeam "Duesseldorf II"]
[WhiteTeamCountry "GER"]
[BlackTeamCountry "GER"]

1. e4 e6 2. d4 d5 3. Nc3 Nc6 4. Be3 dxe4 5. Nxe4 Nf6 6. Nxf6+ Qxf6 7. Nf3 h6 8. Bb5 Bd6 9. Bxc6+ bxc6 10. 0-0 0-0 11. Re1 Rd8 12. Qd3 Rb8 13. b3 c5 14. Qe2 Qe7 15. Rad1 Bb7 16. dxc5 Bxc5 17. Ne5 Bb4 18. Rxd8+ Rxd8 19. Rd1 Bc3 20. f4 a6 21. h3 Rxd1+ 22. Qxd1 Qd6 23. Qxd6 cxd6 24. Nd3 f5 25. Kf2 e5 26. fxe5 dxe5 27. Nc5 Bc8 28. Ke2 f4 29. Bd2 Bd4 30. Nd3 Bb7 31. c3 Bb6 32. Nxe5 Bxg2 33. h4 g5 34. hxg5 hxg5 35. c4 Bd4 36. Nf3 Bf6 37. Ne1 Be4 38. Nd3 Kf7 39. Nxf4 gxf4 40. Bxf4 Bb1 41. Kd2 Ke6 42. Bc7 Kd7 43. Ba5 Kc6 44. Kc1 Bf5 45. b4 Be6 46. b5+ axb5 47. cxb5+ Kxb5 48. Bc7 Bxa2 49. Kd2 Kc6 50. Bf4 Kd5 51. Be3 Bb3 52. Ke2 Ke4 53. Kd2 Bc4 54. Bh6 Bd3 55. Bf8 Kd4 56. Bc5+ Kc4 57. Bb6 1/2-1/2

[Event "GER-chT Laender Seniors 50+"]
[Site "Templin"]
[Date "2018.09.15"]
[Round "6.5"]
[White "Von Buenau, Heinrich"]
[Black "Reddmann, Hauke"]
[Result "1/2-1/2"]
[WhiteElo "2181"]
[BlackElo "2275"]
[PlyCount "29"]
[EventDate "2018.09.10"]
[EventType "team-tourn"]
[EventRounds "7"]
[EventCountry "GER"]
[SourceTitle "EXT 2020"]
[Source "ChessBase"]
[SourceDate "2019.10.17"]
[SourceVersion "1"]
[SourceVersionDate "2019.10.17"]
[SourceQuality "1"]
[WhiteTeam "Nordrhein Westfalen"]
[BlackTeam "Hamburg"]
[WhiteTeamCountry "GER"]
[BlackTeamCountry "GER"]

1. d4 Nf6 2. g3 d5 3. Bg2 c6 4. Nf3 Bf5 5. 0-0 Nbd7 6. b3 e6 7. Bb2 Bd6 8. Nbd2 0-0 9. c4 h6 10. Ne5 Bh7 11. h3 Qc7 12. Nxd7 Qxd7 13. a3 Qe7 14. Re1 Ne4 15. Nxe4 1/2-1/2

[Event "GER-chT Laender Seniors 50+"]
[Site "Templin"]
[Date "2018.09.14"]
[Round "5.1"]
[White "Beyer, Christian"]
[Black "Von Buenau, Heinrich"]
[Result "1-0"]
[WhiteElo "2262"]
[BlackElo "2181"]
[PlyCount "39"]
[EventDate "2018.09.10"]
[EventType "team-tourn"]
[EventRounds "7"]
[EventCountry "GER"]
[SourceTitle "EXT 2020"]
[Source "ChessBase"]
[SourceDate "2019.10.17"]
[SourceVersion "1"]
[SourceVersionDate "2019.10.17"]
[SourceQuality "1"]
[WhiteTeam "Wuerttemberg"]
[BlackTeam "Nordrhein Westfalen"]
[WhiteTeamCountry "GER"]
[BlackTeamCountry "GER"]

1. e4 c6 2. d4 d5 3. exd5 cxd5 4. c4 Nf6 5. Nc3 g6 6. cxd5 Bg7 7. Qb3 0-0 8. g3 e6 9. dxe6 Re8 10. Nge2 Bxe6 11. Qxb7 Nd5 12. Bg2 Nxc3 13. bxc3 Qa5 14. Qxa8 Bc4 15. 0-0 Bxe2 16. Rb1 Bb5 17. Qb7 a6 18. c4 Qxa2 19. Bd5 Rf8 20. Be3 1-0

[Event "BL2-West 1718"]
[Site "Germany"]
[Date "2018.03.18"]
[Round "8.8"]
[White "Von Buenau, Heinrich"]
[Black "Stricker, Florian"]
[Result "0-1"]
[WhiteElo "2158"]
[BlackElo "2078"]
[PlyCount "74"]
[EventDate "2017.10.08"]
[EventType "team-tourn"]
[EventRounds "9"]
[EventCountry "GER"]
[SourceTitle "CBM 183 Extra"]
[Source "ChessBase"]
[SourceDate "2018.04.19"]
[SourceVersion "1"]
[SourceVersionDate "2018.04.19"]
[SourceQuality "1"]
[WhiteTeam "Duesseldorf"]
[BlackTeam "Bochum SG"]
[WhiteTeamCountry "GER"]
[BlackTeamCountry "GER"]

1. c4 e5 2. g3 Nf6 3. Bg2 c6 4. d4 d6 5. Nc3 Be7 6. e4 Na6 7. Nge2 Nc7 8. 0-0 a5 9. h3 b5 10. cxb5 cxb5 11. f4 b4 12. Na4 Ba6 13. Be3 Nh5 14. Kh2 exf4 15. gxf4 Bh4 16. Rf3 0-0 17. Rc1 Re8 18. e5 Nd5 19. Bd2 Rc8 20. Rxc8 Qxc8 21. Ng1 g6 22. exd6 Qd7 23. Nc5 Qxd6 24. Nxa6 Nhxf4 25. Bxf4 Nxf4 26. Kh1 Re1 27. Qd2 Ne2 28. Qxe1 Bxe1 29. Nxe2 Qxa6 30. Nf4 Qd6 31. Rf1 Bd2 32. Nd5 f5 33. Rf2 Bc1 34. Rc2 Bg5 35. Rc8+ Bd8 36. Nc7 Kf7 37. Bd5+ Ke7 0-1

[Event "NRW Class1 1718"]
[Site "Germany"]
[Date "2017.12.17"]
[Round "4.5"]
[White "Von Buenau, Heinrich"]
[Black "Stanetzek, Carsten"]
[Result "1/2-1/2"]
[WhiteElo "2182"]
[BlackElo "2109"]
[PlyCount "31"]
[EventDate "2017.09.17"]
[EventType "team-tourn"]
[EventRounds "9"]
[EventCountry "GER"]
[SourceTitle "EXT 2019"]
[Source "ChessBase"]
[SourceDate "2018.10.10"]
[SourceVersion "1"]
[SourceVersionDate "2018.10.10"]
[SourceQuality "1"]
[WhiteTeam "Duesseldorf II"]
[BlackTeam "Niederkassel"]
[WhiteTeamCountry "GER"]
[BlackTeamCountry "GER"]

1. c4 e5 2. g3 Nf6 3. Bg2 d5 4. cxd5 Nxd5 5. Nc3 Nb6 6. Nf3 Nc6 7. 0-0 Be7 8. a3 0-0 9. d3 Re8 10. b4 a5 11. b5 Nd4 12. Nd2 a4 13. e3 Ne6 14. Nc4 Nxc4 15. dxc4 f5 16. Nd5 1/2-1/2

[Event "LSS No Engine Cup 35 Preliminary 5"]
[Site "LSS email"]
[Date "2011.01.20"]
[Round "?"]
[White "Sabbatini, Giuseppe"]
[Black "Von Buenau, Heinrich"]
[Result "1-0"]
[WhiteElo "1708"]
[BlackElo "1827"]
[PlyCount "51"]
[EventDate "2011.01.21"]
[EventType "tourn (corr)"]
[EventRounds "6"]
[EventCountry "GER"]
[SourceTitle "Telechess CBM 147"]
[Source "ChessBase"]
[SourceDate "2012.03.16"]
[SourceVersion "1"]
[SourceVersionDate "2012.03.16"]
[SourceQuality "1"]

1. e4 c6 2. d4 d5 3. e5 c5 4. Nf3 Nc6 5. dxc5 Bg4 6. c3 e6 7. Be3 Nge7 8. Nbd2 Nf5 9. Bd4 Be7 10. h3 Bh5 11. Be2 0-0 12. 0-0 f6 13. exf6 gxf6 14. g4 e5 15. gxf5 exd4 16. Nxd4 Nxd4 17. cxd4 Bf7 18. Bh5 Qd7 19. Bxf7+ Rxf7 20. Qf3 Kh8 21. Kh1 Rg8 22. Rg1 Rfg7 23. Rxg7 Rxg7 24. Rg1 Rxg1+ 25. Kxg1 Bd8 26. Nf1 1-0

[Event "LSS SB-2010-0-00089"]
[Site "LSS email"]
[Date "2010.03.27"]
[Round "?"]
[White "Von Buenau, Heinrich"]
[Black "Cardoso Garcia, Sergio"]
[Result "1/2-1/2"]
[WhiteElo "1875"]
[BlackElo "2018"]
[PlyCount "55"]
[EventDate "2010.03.07"]
[EventType "tourn (corr)"]
[EventRounds "6"]
[EventCountry "GER"]
[SourceTitle "Telechess CBM 147"]
[Source "ChessBase"]
[SourceDate "2012.03.16"]
[SourceVersion "1"]
[SourceVersionDate "2012.03.16"]
[SourceQuality "1"]

1. Nf3 d6 2. g3 f5 3. d4 Nf6 4. Bg2 g6 5. 0-0 Bg7 6. c4 0-0 7. Nc3 c6 8. b3 Na6 9. Bb2 Bd7 10. Re1 Qa5 11. e4 fxe4 12. Nxe4 Nc7 13. Nxf6+ Bxf6 14. Nd2 Ne6 15. Ne4 Bg7 16. f4 Rad8 17. Qd3 Nc5 18. Qe3 Nxe4 19. Bxe4 Rde8 20. Bc3 Qh5 21. Rac1 Bf6 22. Bf3 Bg4 23. Bxg4 Qxg4 24. Kg2 Qf5 25. Qe6+ Qxe6 26. Rxe6 d5 27. c5 g5 28. fxg5 1/2-1/2

[Event "NRW Class2 0910"]
[Site "Germany"]
[Date "2010.02.01"]
[Round "6.4"]
[White "Von Buenau, Heinrich"]
[Black "Hubert, Ralf"]
[Result "1/2-1/2"]
[WhiteElo "2097"]
[BlackElo "2289"]
[PlyCount "58"]
[EventDate "2009.09.20"]
[EventType "team-tourn"]
[EventRounds "9"]
[EventCountry "GER"]
[SourceTitle "EXT 2011"]
[Source "ChessBase"]
[SourceDate "2010.11.26"]
[SourceVersion "1"]
[SourceVersionDate "2010.11.26"]
[SourceQuality "1"]
[WhiteTeam "Duesseldorf"]
[BlackTeam "Solingen SG III"]
[WhiteTeamCountry "GER"]
[BlackTeamCountry "GER"]

1. Nf3 c5 2. g3 Nc6 3. c4 g6 4. Nc3 Bg7 5. Bg2 Nh6 6. 0-0 Nf5 7. a3 0-0 8. Rb1 e6 9. Ne1 Qe7 10. e3 Rd8 11. Nc2 Rb8 12. b4 b6 13. Bb2 Bb7 14. Qe2 d6 15. d3 Rbc8 16. Rfd1 h5 17. Na4 Ne5 18. e4 Nh6 19. h3 Bc6 20. Nc3 Be8 21. b5 Nd7 22. f4 Kh7 23. Re1 Qf8 24. Nd1 Bxb2 25. Rxb2 e5 26. f5 f6 27. Nde3 g5 28. Ra1 Ng8 29. a4 a5 1/2-1/2

[Event "NRW Class2 0910"]
[Site "Germany"]
[Date "2010.01.10"]
[Round "5.4"]
[White "Erwich, Frank"]
[Black "Von Buenau, Heinrich"]
[Result "1-0"]
[WhiteElo "2319"]
[BlackElo "2097"]
[PlyCount "57"]
[EventDate "2009.09.20"]
[EventType "team-tourn"]
[EventRounds "9"]
[EventCountry "GER"]
[SourceTitle "EXT 2011"]
[Source "ChessBase"]
[SourceDate "2010.11.26"]
[SourceVersion "1"]
[SourceVersionDate "2010.11.26"]
[SourceQuality "1"]
[WhiteTeam "Erkenschwick"]
[BlackTeam "Duesseldorf"]
[WhiteTeamCountry "GER"]
[BlackTeamCountry "GER"]

1. c4 c6 2. e4 d5 3. exd5 cxd5 4. d4 Nf6 5. Nc3 g6 6. cxd5 Bg7 7. Bb5+ Bd7 8. Bc4 0-0 9. a4 a5 10. Nge2 Na6 11. 0-0 Nb4 12. h3 Rc8 13. Bb3 Bf5 14. Nf4 h5 15. Be3 Qd6 16. Rc1 h4 17. Qf3 Rfd8 18. g4 hxg3 19. fxg3 g5 20. Nb5 Qb8 21. Nh5 Nxh5 22. d6 Nxg3 23. Qxg3 Rxc1 24. Bxc1 e6 25. Bxg5 Rd7 26. Bf6 Qf8 27. Rf2 Kh8 28. Qh4+ Bh7 29. Rg2 1-0

[Event "NRW Class2 0910"]
[Site "Germany"]
[Date "2009.12.20"]
[Round "4.3"]
[White "Skulener, Wladimir"]
[Black "Von Buenau, Heinrich"]
[Result "1/2-1/2"]
[WhiteElo "2357"]
[BlackElo "2097"]
[PlyCount "36"]
[EventDate "2009.09.20"]
[EventType "team-tourn"]
[EventRounds "9"]
[EventCountry "GER"]
[SourceTitle "EXT 2011"]
[Source "ChessBase"]
[SourceDate "2010.11.26"]
[SourceVersion "1"]
[SourceVersionDate "2010.11.26"]
[SourceQuality "1"]
[WhiteTeam "Aachen Aufwaerts"]
[BlackTeam "Duesseldorf"]
[WhiteTeamCountry "GER"]
[BlackTeamCountry "GER"]

1. d4 d5 2. Nf3 Nf6 3. c4 c6 4. Nc3 dxc4 5. a4 Bf5 6. e3 e6 7. Bxc4 Bb4 8. 0-0 0-0 9. Qb3 Qe7 10. Ne5 a5 11. f3 Nfd7 12. Nxd7 Nxd7 13. e4 Bg6 14. Be3 e5 15. Rad1 Kh8 16. Rfe1 Rad8 17. Bf1 f6 18. Qc2 exd4 1/2-1/2

[Event "LSS OP-2008-0-00457"]
[Site "LSS email"]
[Date "2008.01.23"]
[Round "?"]
[White "Seris Granier Gonzales, Manuel Angel"]
[Black "Von Buenau, Heinrich"]
[Result "0-1"]
[WhiteElo "811"]
[BlackElo "2076"]
[PlyCount "98"]
[EventDate "2008.01.21"]
[EventType "tourn (corr)"]
[EventRounds "4"]
[EventCountry "GER"]
[SourceTitle "Corr 2011"]
[Source "ChessBase"]
[SourceDate "2010.08.31"]
[SourceVersion "1"]
[SourceVersionDate "2010.08.31"]
[SourceQuality "1"]

1. d4 Nf6 2. c4 e6 3. Nf3 d5 4. Nc3 c6 5. e3 Nbd7 6. Bd3 dxc4 7. Bxc4 b5 8. Bd3 a6 9. e4 c5 10. d5 c4 11. dxe6 fxe6 12. Bc2 Qc7 13. 0-0 Bb7 14. Nd4 Nc5 15. Be3 0-0-0 16. Qe2 e5 17. Nf5 Nd3 18. Rad1 Nxb2 19. Rxd8+ Qxd8 20. Bb1 Nd3 21. Rd1 Qa5 22. Bxd3 Qxc3 23. Bb1 Qa3 24. f3 Bc5 25. Bxc5 Qxc5+ 26. Kh1 g6 27. Nd6+ Kb8 28. Nxb7 Kxb7 29. Bc2 Rc8 30. Qe1 c3 31. Bb3 Rc7 32. Rc1 Kb6 33. Rc2 b4 34. Qc1 Rd7 35. a3 a5 36. axb4 axb4 37. Ra2 Ra7 38. Re2 Qd4 39. Re1 Qd2 40. Qb1 Rd7 41. Bc2 Rd4 42. Rd1 Qf2 43. Rf1 Qe2 44. Re1 Qc4 45. Bb3 Qa6 46. Bc2 Qa3 47. f4 exf4 48. h4 Ng4 49. Rg1 Qa5 0-1

[Event "LSS OP-2008-0-00438"]
[Site "LSS email"]
[Date "2008.01.05"]
[Round "?"]
[White "Traczewski, Wojciech"]
[Black "Von Buenau, Heinrich"]
[Result "1/2-1/2"]
[WhiteElo "1735"]
[BlackElo "2076"]
[PlyCount "88"]
[EventDate "2008.01.03"]
[EventType "tourn (corr)"]
[EventRounds "4"]
[EventCountry "GER"]
[SourceTitle "Corr 2011"]
[Source "ChessBase"]
[SourceDate "2010.08.31"]
[SourceVersion "1"]
[SourceVersionDate "2010.08.31"]
[SourceQuality "1"]

1. e4 c5 2. Nf3 e6 3. d4 cxd4 4. Nxd4 Nf6 5. Nc3 Nc6 6. Ndb5 Bb4 7. a3 Bxc3+ 8. Nxc3 d5 9. exd5 exd5 10. Bd3 0-0 11. 0-0 d4 12. Ne2 Bg4 13. Bg5 Qd6 14. Qd2 Bxe2 15. Bf4 Qd5 16. Bxe2 Rfe8 17. Rfe1 Ne4 18. Bf3 f5 19. Qd3 Re6 20. Rad1 Rd8 21. Be2 g5 22. Bc1 Kg7 23. c4 Qe5 24. Bf1 Qf6 25. Qb3 b6 26. Qc2 Kg6 27. f3 Nc5 28. b4 Rde8 29. Bd2 Rxe1 30. Rxe1 Rxe1 31. Bxe1 Ne6 32. Qa4 Nf4 33. g3 Nh5 34. Bf2 Ne5 35. Kg2 Qe6 36. Qxa7 Nxf3 37. Qb7 g4 38. Qd5 Qe4 39. Qxe4 fxe4 40. a4 e3 41. a5 bxa5 42. bxa5 Ng7 43. a6 Ne6 44. a7 Nc7 1/2-1/2

[Event "ZH-2007-0-00151"]
[Site "LSS email"]
[Date "2007.11.21"]
[Round "?"]
[White "Von Buenau, Heinrich"]
[Black "Hassim, Yonah"]
[Result "1-0"]
[WhiteElo "2076"]
[BlackElo "2168"]
[PlyCount "62"]
[EventDate "2007.11.20"]
[EventType "match (corr)"]
[EventRounds "2"]
[EventCountry "GER"]
[SourceTitle "Corr 2022"]
[Source "ChessBase"]
[SourceDate "2021.10.24"]
[SourceVersion "1"]
[SourceVersionDate "2021.10.24"]
[SourceQuality "1"]

1. Nf3 Nf6 2. g3 g6 3. Bg2 Bg7 4. 0-0 0-0 5. c4 d6 6. Nc3 Nc6 7. d3 h6 8. Rb1 a5 9. a3 e5 10. b4 axb4 11. axb4 Be6 12. b5 Ne7 13. Bb2 Qd7 14. Ra1 Bh3 15. Qb3 Bxg2 16. Kxg2 Qe6 17. b6 c6 18. Ra7 Nd7 19. Rfa1 Nc5 20. Qa3 Rxa7 21. bxa7 Ra8 22. Qb4 Nc8 23. Ne4 Qe7 24. Nxc5 dxc5 25. Qc3 f6 26. Nh4 Kh7 27. Qc2 Qf7 28. Qd2 b5 29. cxb5 cxb5 30. Qc3 Bf8 31. f4 b4 1-0